000 00555nam a2200193Ia 4500
005 20250508162842.0
008 008 250505s9999 xx 000 0 eng d
037 _aTextual
040 _aFEDL
_beng
_cFEDL
041 _aeng
_2eng
084 _a370.7, DHO
_qFEDL
100 _aDhoundiyal N.C.
_9774195
245 0 _aTeacher expectancy cycle : Theory and research
260 _aNew Delhi, India
_bAshish Publishing House
_c1993
300 _axxi,220p.
650 _aEducation
942 _cTEXL
_h370.7, DHO
999 _c1379045
_d1379045